Monochrome and Colour Television Rev. (Record no. 48675)

MARC details
000 -LEADER
fixed length control field 00411nam a2200169Ia 4500
008 - FIXED-LENGTH DATA ELEMENTS--GENERAL INFORMATION
fixed length control field 230524s9999 xx 000 0 und d
020 ## - INTERNATIONAL STANDARD BOOK NUMBER
ISBN 8122400086
082 ## - DEWEY DECIMAL CLASSIFICATION NUMBER
Classification number 621.38804
Item number GUL
100 ## - MAIN ENTRY--AUTHOR NAME
Personal name R.R.Gulati
245 #0 - TITLE STATEMENT
Title Monochrome and Colour Television Rev.
250 ## - EDITION STATEMENT
Edition statement 2ND
260 ## - PUBLICATION, DISTRIBUTION, ETC. (IMPRINT)
Place of publication NEW DELHI
Name of publisher NAI
Year of publication 2009
300 ## - PHYSICAL DESCRIPTION
Number of Pages xix;688
500 ## - GENERAL NOTE
General note Quantity Number: 2
650 ## - SUBJECT ADDED ENTRY--TOPICAL TERM
Topical Term Electronics
942 ## - ADDED ENTRY ELEMENTS (KOHA)
Koha item type Books
Holdings
Lost status Damaged status Permanent Location Current Location Shelving location Date acquired Full call number Accession Number Koha item type
    Central Library, Trident Academy of Technology Central Library, Trident Academy of Technology General Stacks 05/24/2023 621.38804 GUL 41609 Books
    Central Library, Trident Academy of Technology Central Library, Trident Academy of Technology General Stacks 05/24/2023 621.38804 GUL 41610 Books
Trident Academy of Technology © 2023.
All rights reserved.                                                                                                                                                                                                        Designed by Team of Central Library .

Powered by Koha